[Event "XXX C.to Torinese Open"]
[Site "Torino ITA"]
[Date "2014.02.17"]
[Round "6"]
[White "Bringas Osuna, Ivan Jarek"]
[Black "Rizzo, Simone"]
[Result "1/2-1/2"]
[WhiteElo "2132"]
[BlackElo "1910"]
[PlyCount "49"]
[EventDate "2014.01.13"]

1. d4 e6 2. Nf3 d5 3. c4 c6 4. Nc3 f5 5. Bg5 Nf6 6. Ne5 Be7 7. e3 O-O 8. Bd3
Ne4 9. Bxe7 Qxe7 10. O-O Rf6 11. f3 Nxc3 12. bxc3 Rh6 13. Qe1 Nd7 14. Nxd7 Bxd7
15. cxd5 exd5 16. e4 fxe4 17. fxe4 dxe4 18. Qxe4 Qxe4 19. Bxe4 Re8 20. Bf3 Rd6
21. Rfe1 Rxe1+ 22. Rxe1 Re6 23. Rxe6 Bxe6 24. a3 Kf7 25. Kf2 1/2-1/2

[Event "C.to provinciale PV"]
[Site "Vigevano ITA"]
[Date "2014.02.06"]
[Round "1"]
[White "Candura, Stefano"]
[Black "Cordani, Enrico"]
[WhiteElo "1981"]
[BlackElo "1863"]
[Result "1-0"]
[PlyCount "63"]
[EventDate "2014.02.06"]

1. d4 Nf6 2. Nf3 g6 3. Nc3 d5 4. Bf4 c6 5. e3 Nbd7 6. Be2 Bg7 7. Ne5 O-O 8. h4
h5 9. f3 Ne8 10. g4 Nxe5 11. dxe5 hxg4 12. fxg4 f6 13. exf6 Bxf6 14. Qd3 e5 15.
Qxg6+ Ng7 16. Bg5 Bd7 17. O-O-O Be8 18. Qh6 Nf5 19. gxf5 Bg7 20. Qe6+ Bf7 21.
Bxd8 Bxe6 22. Be7 Rf7 23. fxe6 Rxe7 24. e4 d4 25. Na4 Kh8 26. Bg4 b6 27. b3
Bh6+ 28. Kb1 Rg8 29. Bf5 c5 30. Nb2 b5 31. Nd3 c4 32. Nxe5 1-0

[Event "C.to provinciale PV"]
[Site "Vigevano ITA"]
[Date "2014.02.06"]
[Round "1"]
[White "Melino, Gianluca"]
[Black "Murgia, Andrea"]
[WhiteElo "1758"]
[BlackElo "1980"]
[Result "1-0"]
[PlyCount "65"]
[EventDate "2014.02.06"]

1. Nf3 f5 2. d4 Nf6 3. c4 d6 4. Nc3 g6 5. g3 Bg7 6. Bg2 O-O 7. O-O c6 8. Qc2
Na6 9. Rd1 Nh5 10. e3 Qe8 11. a3 e5 12. dxe5 dxe5 13. b4 f4 14. exf4 Bg4 15. h3
Bxf3 16. Bxf3 exf4 17. g4 Qe5 18. Bb2 Ng3 19. Re1 Qg5 20. Rad1 Rae8 21. Kh2 Qh4
22. Nb1 Re3 23. Bxg7 Rxf3 24. Kg2 Nf5 25. Kxf3 Qxh3+ 26. Ke4 Re8+ 27. Be5 Qxg4
28. Rg1 Ng3+ 29. Kd3 Qf3+ 30. Kd2 Ne2 31. Rxg6+ Kf8 32. Qf5+ Ke7 33. Rg7+ 1-0

[Event "C.to provinciale PV"]
[Site "Vigevano ITA"]
[Date "2014.02.06"]
[Round "1"]
[White "Melotti, Dario"]
[Black "Berra, Davide"]
[WhiteElo "1869"]
[BlackElo "2226"]
[Result "1-0"]
[PlyCount "79"]
[EventDate "2014.02.06"]

1. e4 e6 2. d4 d5 3. e5 c5 4. c3 Nc6 5. Nf3 Qb6 6. Bd3 cxd4 7. cxd4 Bd7 8. O-O
Nxd4 9. Nbd2 Nc6 10. Nb3 Nge7 11. Be3 Qc7 12. Rc1 Ng6 13. Nc5 Bxc5 14. Bxc5
Ngxe5 15. Re1 Nxd3 16. Qxd3 Qf4 17. Rc3 b6 18. Ba3 O-O-O 19. Qa6+ Kb8 20. Ne5
Qd2 21. Rec1 Nxe5 22. Bd6+ Ka8 23. Bxe5 Qxb2 24. Rc7 Qxc1+ 25. Rxc1 Rc8 26.
Rxc8+ Rxc8 27. h3 f6 28. Bd4 Rc4 29. Bxb6 Ra4 30. Ba5 Rc4 31. Qd6 Bc8 32. Qf8
Kb7 33. Qxg7+ Ka6 34. Bd8 f5 35. Bf6 h5 36. Qg5 Rc2 37. a3 Kb5 38. Qxh5 Kc4 39.
Qd1 Ra2 40. Qc1+ 1-0

[Event "C.to provinciale PV"]
[Site "Vigevano ITA"]
[Date "2014.02.06"]
[Round "1"]
[White "Pappalardo, Antonio"]
[Black "Barrera, Pietro"]
[WhiteElo "1703"]
[BlackElo "1905"]
[Result "0-1"]
[PlyCount "45"]
[EventDate "2014.02.06"]

1. d4 e6 2. c4 Nf6 3. Nc3 Bb4 4. Qc2 d5 5. e3 O-O 6. Bd3 c5 7. dxc5 Nc6 8. Nge2
dxc4 9. Bxc4 Ne5 10. Qb3 Bxc5 11. O-O a6 12. Rd1 Qc7 13. Bd3 Neg4 14. Ng3 h5
15. h4 Bxe3 16. Bxe3 Nxe3 17. Re1 Neg4 18. Nce4 Qf4 19. Nxf6+ Qxf6 20. Nxh5
Qxf2+ 21. Kh1 Qxh4+ 22. Kg1 Qxh5 23. Rad1 0-1

[Event "C.to provinciale PV"]
[Site "Vigevano ITA"]
[Date "2014.02.06"]
[Round "1"]
[White "Scavini, Marco"]
[Black "Pizzolato, Roberto"]
[WhiteElo "1942"]
[BlackElo "1723"]
[Result "1-0"]
[PlyCount "117"]
[EventDate "2014.02.06"]

1. e4 d6 2. d4 Nf6 3. Nc3 e5 4. Nf3 Nbd7 5. Bc4 Be7 6. Bg5 a6 7. a4 b6 8. O-O
O-O 9. Qe2 Bb7 10. Rad1 Qc8 11. d5 Re8 12. Nh4 h6 13. Bxf6 Bxf6 14. Nf5 Nf8 15.
Qg4 Ng6 16. Ne2 Qd8 17. Neg3 Kh7 18. Nh5 Bc8 19. Rd3 Bxf5 20. Qxf5 Rf8 21. Rf3
Be7 22. Rc3 Qc8 23. Be2 Ra7 24. Qf3 f5 25. exf5 Qxf5 26. Qxf5 Rxf5 27. g4 Rg5
28. Re3 Kg8 29. h3 Bf6 30. c3 Nf4 31. Nxf4 exf4 32. Re8+ Kf7 33. Rc8 Re5 34.
Bd3 Re8 35. Bg6+ Kxg6 36. Rxe8 Be5 37. Rc8 Kf7 38. Kg2 Ke7 39. Kf3 Kd7 40. Rf8
Ke7 41. Rb8 Kd7 42. Rd1 Ke7 43. h4 Kd7 44. Ke4 Ke7 45. Kf5 Kf7 46. h5 Ke7 47.
Re1 Kd7 48. Rxe5 dxe5 49. Kxe5 b5 50. a5 Ke7 51. Kxf4 Kd6 52. Rg8 c6 53. dxc6
Kxc6 54. Kf5 Kc5 55. Kg6 Kc4 56. Rxg7 Ra8 57. Kxh6 Kb3 58. g5 Kxb2 59. Rc7 1-0

[Event "C.to provinciale PV"]
[Site "Vigevano ITA"]
[Date "2014.02.13"]
[Round "2"]
[White "Barrera, Pietro"]
[Black "Melino, Gianluca"]
[WhiteElo "1905"]
[BlackElo "1758"]
[Result "1-0"]
[PlyCount "84"]
[EventDate "2014.02.06"]

1. d4 g6 2. e4 Bg7 3. c4 d6 4. Nc3 e5 5. d5 f5 6. Nf3 Nf6 7. Bg5 O-O 8. Be2 h6
9. Bxf6 Qxf6 10. O-O a5 11. Ne1 Na6 12. f3 Bd7 13. Nd3 Rf7 14. a3 Qg5 15. Qc1
f4 16. Qe1 h5 17. Qf2 h4 18. Rfb1 b6 19. b4 Bf6 20. c5 h3 21. c6 Bc8 22. bxa5
bxa5 23. Rb5 hxg2 24. Qxg2 Qh5 25. Bf1 Rh7 26. Rab1 Bh3 27. Qxh3 Qxh3 28. Bxh3
Rxh3 29. Kg2 Rh5 30. Rxa5 Kg7 31. Nf2 Rhh8 32. Rb7 Bh4 33. Nd3 Kf6 34. Nb5 Rhc8
35. Na7 Nc5 36. Nxc5 dxc5 37. Rxc5 Rcb8 38. Rcb5 Rxa7 39. Rxb8 Rxa3 40. Rb2 Ke7
41. Kh3 Be1 42. Kg4 Ba5 1-0

[Event "C.to provinciale PV"]
[Site "Vigevano ITA"]
[Date "2014.02.13"]
[Round "2"]
[White "Berra, Davide"]
[Black "Cordani, Enrico"]
[WhiteElo "2226"]
[BlackElo "1863"]
[Result "1-0"]
[PlyCount "57"]
[EventDate "2014.02.06"]

1. e4 c5 2. Nc3 d6 3. g3 Nf6 4. Bg2 Nc6 5. Nge2 e5 6. d3 Nd4 7. O-O Bg4 8. f3
Be6 9. f4 h6 10. h3 Be7 11. Kh2 Rb8 12. Nd5 Nxe2 13. Qxe2 O-O 14. Bd2 Re8 15.
Nxe7+ Qxe7 16. f5 Bd7 17. g4 Nh7 18. Qf2 Bc6 19. Qg3 Rbd8 20. c4 b5 21. b3 bxc4
22. dxc4 f6 23. h4 Kf7 24. Bf3 Qb7 25. g5 fxg5 26. hxg5 Nxg5 27. Bxg5 hxg5 28.
Bh5+ Kf6 29. Rg1 1-0

[Event "C.to provinciale PV"]
[Site "Vigevano ITA"]
[Date "2014.02.13"]
[Round "2"]
[White "Melotti, Dario"]
[Black "Candura, Stefano"]
[WhiteElo "1869"]
[BlackElo "1981"]
[Result "1-0"]
[PlyCount "47"]
[EventDate "2014.02.06"]

1. e4 e6 2. d4 d5 3. e5 c5 4. c3 Nc6 5. Nf3 Bd7 6. Bd3 cxd4 7. cxd4 Qb6 8. O-O
Nxd4 9. Nbd2 Bc5 10. b4 Nxf3+ 11. Nxf3 Be7 12. Be3 Qxb4 13. Rb1 Qa5 14. Rxb7
Bc5 15. Qb3 Bxe3 16. Rxd7 Bb6 17. Bb5 Kf8 18. Ng5 Ne7 19. Qf3 Nf5 20. Rxf7+ Kg8
21. Rxf5 Qxb5 22. Nxe6 h6 23. Rf8+ Kh7 24. Qf5+ 1-0

[Event "C.to provinciale PV"]
[Site "Vigevano ITA"]
[Date "2014.02.13"]
[Round "2"]
[White "Murgia, Andrea"]
[Black "Pappalardo, Antonio"]
[WhiteElo "1980"]
[BlackElo "1703"]
[Result "1-0"]
[PlyCount "61"]
[EventDate "2014.02.06"]

1. e4 c5 2. c3 Nf6 3. e5 Nd5 4. d4 cxd4 5. Nf3 e6 6. Bc4 Nb6 7. Bb3 d6 8. O-O
Nc6 9. cxd4 dxe5 10. Bg5 Be7 11. Bxe7 Qxe7 12. dxe5 O-O 13. Nc3 Bd7 14. Ne4 Nb4
15. Nfg5 h6 16. Qh5 N4d5 17. f4 Bb5 18. a4 Bxf1 19. Rxf1 Rac8 20. a5 Nc4 21. f5
exf5 22. Rxf5 Nce3 23. Nf6+ Nxf6 24. Rxf6 hxg5 25. Qxg5 Nd5 26. h4 Nxf6 27. h5
Nd5 28. Qg3 Rc5 29. h6 g6 30. Ba2 Nb4 31. Qxg6+ 1-0

[Event "C.to provinciale PV"]
[Site "Vigevano ITA"]
[Date "2014.02.13"]
[Round "2"]
[White "Pelliccia, Vincenzo"]
[Black "Scavini, Marco"]
[WhiteElo "1586"]
[BlackElo "1942"]
[Result "0-1"]
[PlyCount "160"]
[EventDate "2014.02.06"]

1. e4 c5 2. Nf3 d6 3. d3 g6 4. g3 Bg7 5. Bg2 Nc6 6. c3 Nf6 7. O-O O-O 8. Re1
Bg4 9. Nbd2 Qd7 10. Nf1 Rab8 11. Ne3 Bh3 12. Rb1 Bxg2 13. Nxg2 Ne5 14. Nxe5
dxe5 15. Qe2 Rfd8 16. Be3 b6 17. Red1 Qh3 18. f3 Rd7 19. d4 Qe6 20. dxe5 Rxd1+
21. Rxd1 Ne8 22. b3 Bxe5 23. Nf4 Qc6 24. Nd5 Rb7 25. c4 Rd7 26. f4 Bg7 27. e5
Nc7 28. Qg2 Kh8 29. Rd2 h5 30. Nxc7 Qxc7 31. Rxd7 Qxd7 32. Qd2 Qxd2 33. Bxd2 f6
34. e6 f5 35. Kg2 Bd4 36. b4 Kg7 37. bxc5 bxc5 38. Kf3 Kf6 39. h3 Kxe6 40. g4
hxg4+ 41. hxg4 Kf6 42. Be1 e5 43. Bh4+ Ke6 44. fxe5 Bxe5 45. gxf5+ gxf5 46. a4
Kd6 47. Be1 Bb2 48. Kf4 Ke6 49. Bf2 Bd4 50. Be1 Bg1 51. Bg3 Kf6 52. Bh4+ Kg6
53. Kf3 a6 54. Be7 Kf7 55. Bh4 Bh2 56. Bf2 Bd6 57. Be3 Ke6 58. Bd2 Ke5 59. Bc3+
Ke6 60. Bd2 Be5 61. Ba5 Kd7 62. Ke3 Kc6 63. Bd2 Kb6 64. a5+ Kc6 65. Kf3 Kd6 66.
Be1 Ke6 67. Bd2 Bb2 68. Bf4 Bc3 69. Bc7 Be5 70. Bb6 Bd6 71. Ba7 Ke5 72. Ke3 f4+
73. Kd3 Kf5 74. Ke2 Ke4 75. Bb6 Kd4 76. Kf3 Kxc4 77. Ke4 Kb3 78. Bd8 c4 79. Bf6
c3 80. Bh4 c2 0-1

[Event "C.to provinciale PV"]
[Site "Vigevano ITA"]
[Date "2014.02.13"]
[Round "2"]
[White "Pizzolato, Roberto"]
[Black "Fadali, Mustafa"]
[WhiteElo "1723"]
[BlackElo "1880"]
[Result "1-0"]
[PlyCount "69"]
[EventDate "2014.02.06"]

1. e4 c5 2. Nf3 d6 3. d4 cxd4 4. Nxd4 Nf6 5. Nc3 a6 6. f3 e6 7. Be3 Nbd7 8. Qd2
Be7 9. O-O-O Qc7 10. Nb3 b5 11. g4 h6 12. Kb1 Ne5 13. Qf2 Rb8 14. h3 Nc4 15.
Bxc4 bxc4 16. Nc1 Qa5 17. Bd2 d5 18. Nxd5 Rxb2+ 19. Kxb2 Qa3+ 20. Kb1 exd5 21.
Qb6 O-O 22. Qe3 Qa4 23. g5 hxg5 24. Bc3 Qb5+ 25. Ka1 dxe4 26. fxe4 Be6 27. Ne2
Bc5 28. Qf3 Be7 29. Rhg1 Qb7 30. Rxg5 Rd8 31. Rxd8+ Bxd8 32. Bxf6 Bxf6+ 33.
Qxf6 g6 34. Rxg6+ Kf8 35. Qd8# 1-0

[Event "C.to provinciale PV"]
[Site "Vigevano ITA"]
[Date "2014.02.20"]
[Round "3"]
[White "Candura, Stefano"]
[Black "Pelliccia, Vincenzo"]
[WhiteElo "1981"]
[BlackElo "1586"]
[Result "1-0"]
[PlyCount "41"]
[EventDate "2014.02.06"]

1. d4 Nf6 2. Nf3 g6 3. Nc3 Bg7 4. e4 d6 5. Be3 Nbd7 6. Qd2 Ng4 7. Bg5 h6 8. Bh4
g5 9. Bxg5 Nxf2 10. Qxf2 hxg5 11. Nxg5 Bf6 12. Bc4 e6 13. Bxe6 Qe7 14. Nd5 Qd8
15. Nxf7 Bxd4 16. Qxd4 Qh4+ 17. g3 Qh7 18. Nxc7+ Ke7 19. Nxa8 Ne5 20. O-O-O
Bxe6 21. Qxd6+ 1-0

[Event "C.to provinciale PV"]
[Site "Vigevano ITA"]
[Date "2014.02.20"]
[Round "3"]
[White "Cordani, Enrico"]
[Black "Pizzolato, Roberto"]
[WhiteElo "1863"]
[BlackElo "1723"]
[Result "1/2-1/2"]
[PlyCount "124"]
[EventDate "2014.02.06"]

1. e4 d6 2. d4 Nf6 3. Bd3 e5 4. Nf3 Nbd7 5. c3 Be7 6. O-O O-O 7. h3 c6 8. Re1
Re8 9. Nbd2 Qc7 10. Nc4 c5 11. b4 cxb4 12. cxb4 b5 13. Ne3 a6 14. Bb2 Bf8 15.
Rc1 Qd8 16. Qb3 Nh5 17. Nd5 Ra7 18. g3 Ndf6 19. dxe5 Nxd5 20. exd5 dxe5 21.
Nxe5 Qd6 22. Rc6 Qxb4 23. Rec1 Qxb3 24. axb3 Bxh3 25. Kh2 Bd7 26. Rc7 Rxc7 27.
Rxc7 Bc8 28. Nxf7 Re7 29. Rxe7 Bxe7 30. Ne5 Bd6 31. Be4 Nf6 32. Bf3 Bb7 33. Nc6
Kf8 34. Kh3 Nd7 35. Kg4 Bc8 36. Kf5 Kf7 37. Bxg7 Bb7 38. Be5 Nxe5 39. Nxe5+ Ke7
40. Nd3 a5 41. Ke4 a4 42. Nc1 a3 43. Be2 b4 44. f4 Bc8 45. g4 Kf6 46. Na2 Bd7
47. Nc1 Bc8 48. Kf3 Bb7 49. g5+ Kg7 50. Ke4 Bc8 51. Bh5 Ba6 52. f5 Bf1 53. f6+
Kf8 54. Na2 Bg2+ 55. Kd4 Bh3 56. Bf3 Kf7 57. Be4 Kg8 58. Bd3 Bg2 59. Kc4 Bf3
60. Bb1 Be2+ 61. Bd3 Bd1 62. Nc1 Bf3 1/2-1/2

[Event "C.to provinciale PV"]
[Site "Vigevano ITA"]
[Date "2014.02.20"]
[Round "3"]
[White "Fadali, Mustafa"]
[Black "Pappalardo, Antonio"]
[WhiteElo "1880"]
[BlackElo "1703"]
[Result "1-0"]
[PlyCount "91"]
[EventDate "2014.02.06"]

1. e4 c5 2. Nf3 g6 3. d4 cxd4 4. Nxd4 Nc6 5. Be3 Bg7 6. Nc3 Nf6 7. f3 O-O 8.
Qd2 d5 9. Nxc6 bxc6 10. e5 Nd7 11. f4 e6 12. Na4 Nxe5 13. Bd4 Nc4 14. Bxc4 dxc4
15. Bxg7 Qxd2+ 16. Kxd2 Kxg7 17. Kc3 Rd8 18. Rhd1 Rd5 19. Kxc4 Ba6+ 20. Kc3
Rad8 21. Rxd5 cxd5 22. Kd4 Rc8 23. Nc5 Be2 24. h3 Bb5 25. a4 Be8 26. b4 Kf6 27.
c3 Ke7 28. Re1 Kd6 29. g4 h6 30. Nb7+ Ke7 31. Nc5 Kd6 32. f5 gxf5 33. gxf5 Bd7
34. fxe6 fxe6 35. c4 dxc4 36. Kxc4 Ke7 37. b5 Rf8 38. Re4 Rf5 39. Rd4 Be8 40.
a5 e5 41. Rh4 Bf7+ 42. Kd3 h5 43. b6 axb6 44. axb6 Kd6 45. b7 Kc7 46. Rb4 1-0

[Event "C.to provinciale PV"]
[Site "Vigevano ITA"]
[Date "2014.02.20"]
[Round "3"]
[White "Melino, Gianluca"]
[Black "Berra, Davide"]
[WhiteElo "1758"]
[BlackElo "2226"]
[Result "1/2-1/2"]
[PlyCount "93"]
[EventDate "2014.02.06"]

1. Nf3 Nf6 2. c4 d6 3. d4 g6 4. Nc3 Bg7 5. g3 O-O 6. Bg2 c6 7. O-O Qc7 8. e4
Nbd7 9. Bf4 e5 10. Bg5 h6 11. Be3 Ng4 12. Nh4 Nxe3 13. fxe3 exd4 14. exd4 Qb6
15. Ne2 Qxb2 16. Rf3 Qb4 17. Rc1 Nf6 18. Rb3 Qa5 19. Qc2 c5 20. e5 dxe5 21.
dxe5 Ng4 22. Bd5 Nxe5 23. Nxg6 Nxg6 24. Qxg6 Qd2 25. Rc2 Qd1+ 26. Kf2 Bh3 27.
Rc1 Qxd5 28. Qxg7+ Kxg7 29. cxd5 b6 30. Nf4 Bd7 31. Re1 Rfe8 32. Nh5+ Kg6 33.
Nf4+ Kf5 34. Ne2 Ke5 35. Nf4+ Kd6 36. Rc1 b5 37. Nh5 Re5 38. Nf6 Rf5+ 39. Rf3
Rxf3+ 40. Kxf3 Bf5 41. Kf4 Bd3 42. Ke3 c4 43. Kd4 a5 44. Re1 b4 45. Ne8+ Kd7
46. Nf6+ Kd6 47. Ne8+ 1/2-1/2

[Event "C.to provinciale PV"]
[Site "Vigevano ITA"]
[Date "2014.02.20"]
[Round "3"]
[White "Murgia, Andrea"]
[Black "Melotti, Dario"]
[WhiteElo "1980"]
[BlackElo "1869"]
[Result "0-1"]
[PlyCount "57"]
[EventDate "2014.02.06"]

1. e4 e5 2. f4 d5 3. exd5 exf4 4. Nf3 Nf6 5. d4 Nxd5 6. Bc4 Be7 7. O-O O-O 8.
Bxd5 Qxd5 9. Bxf4 c6 10. Nc3 Qd8 11. Qe1 Be6 12. Qg3 Nd7 13. Bh6 Bf6 14. Ne4
Kh8 15. Nxf6 Qxf6 16. Bg5 Qg6 17. Nh4 Qxc2 18. Rf2 Qe4 19. Rf4 Qd5 20. Raf1 f6
21. Rf5 Bxf5 22. Rxf5 Qxd4+ 23. Be3 Qd1+ 24. Rf1 Qh5 25. Nf5 Qg6 26. Qc7 Ne5
27. Ne7 Qf7 28. Bc5 Rfc8 29. Qxc8+ 0-1

[Event "C.to provinciale PV"]
[Site "Vigevano ITA"]
[Date "2014.02.20"]
[Round "3"]
[White "Scavini, Marco"]
[Black "Barrera, Pietro"]
[WhiteElo "1942"]
[BlackElo "1905"]
[Result "1-0"]
[PlyCount "77"]
[EventDate "2014.02.06"]

1. e4 c5 2. Nf3 Nc6 3. d4 cxd4 4. Nxd4 g6 5. Nc3 Bg7 6. Be3 Nf6 7. Bc4 O-O 8.
Bb3 d6 9. h3 Qa5 10. O-O a6 11. f4 Qh5 12. Qxh5 Nxh5 13. Rad1 Na5 14. g4 Nxb3
15. axb3 Nf6 16. e5 dxe5 17. fxe5 Ne8 18. Nd5 Bxe5 19. Nxe7+ Kg7 20. c3 Nc7 21.
Nf3 Bf6 22. Nxc8 Raxc8 23. g5 Bd8 24. Rd7 Ne6 25. Rxb7 Bc7 26. Nd4 Nd8 27. Ra7
Re8 28. Rf3 a5 29. Nb5 Rxe3 30. Rxe3 Bb6 31. Rae7 Ne6 32. R7xe6 fxe6 33. Nd4
Re8 34. Re5 Kf7 35. Kf2 Bc7 36. Rb5 Rd8 37. Rb7 Rd7 38. Nb5 Rd2+ 39. Kf3 1-0

[Event "C.to provinciale PV"]
[Site "Vigevano ITA"]
[Date "2014.02.27"]
[Round "4"]
[White "Barrera, Pietro"]
[Black "Candura, Stefano"]
[WhiteElo "1905"]
[BlackElo "1981"]
[Result "1/2-1/2"]
[PlyCount "59"]
[EventDate "2014.02.06"]

1. d4 d5 2. Nf3 Nf6 3. Bg5 e6 4. e3 Nbd7 5. Bd3 c6 6. Nbd2 Bd6 7. O-O Qc7 8. c3
O-O 9. Re1 e5 10. dxe5 Bxe5 11. Qc2 Bd6 12. Rad1 h6 13. Bh4 Ng4 14. Bg3 Bxg3
15. hxg3 Nde5 16. Nxe5 Nxe5 17. Bh7+ Kh8 18. Bf5 Qe7 19. Nf3 Qf6 20. Bxc8 Nxf3+
21. gxf3 Raxc8 22. Kg2 Rfe8 23. Rh1 Rcd8 24. Rd4 Re5 25. Rf4 Qe7 26. Rfh4 Re6
27. f4 Re4 28. g4 f6 29. Rh5 Kg8 30. R1h3 1/2-1/2

[Event "C.to provinciale PV"]
[Site "Vigevano ITA"]
[Date "2014.02.27"]
[Round "4"]
[White "Berra, Davide"]
[Black "Fadali, Mustafa"]
[WhiteElo "2226"]
[BlackElo "1880"]
[Result "1-0"]
[PlyCount "71"]
[EventDate "2014.02.06"]

1. c4 g6 2. Nc3 Bg7 3. g3 c6 4. Bg2 Nf6 5. e4 d6 6. Nge2 O-O 7. O-O Nbd7 8. d3
e5 9. h3 Rb8 10. Be3 b6 11. a4 Nc5 12. Kh2 Bb7 13. b4 Ne6 14. d4 exd4 15. Nxd4
Nxd4 16. Bxd4 c5 17. bxc5 dxc5 18. Be3 Nd7 19. Qc2 Qe8 20. Rad1 Ne5 21. Nb5 Bc6
22. f4 Bxb5 23. axb5 Nd7 24. e5 Rd8 25. Qa2 Nxe5 26. fxe5 Rxd1 27. Rxd1 Bxe5
28. Bh6 Bg7 29. Bxg7 Kxg7 30. Qxa7 Qe2 31. Qa1+ Kg8 32. Qc1 Re8 33. Rd2 Qe3 34.
Qd1 Kg7 35. Rd7 Qf2 36. Qf3 1-0

[Event "C.to provinciale PV"]
[Site "Vigevano ITA"]
[Date "2014.02.27"]
[Round "4"]
[White "Cordani, Enrico"]
[Black "Pelliccia, Vincenzo"]
[WhiteElo "1863"]
[BlackElo "1586"]
[Result "0-1"]
[PlyCount "72"]
[EventDate "2014.02.06"]

1. e4 d6 2. d4 Nf6 3. Bd3 g6 4. c4 Bg7 5. h3 Nbd7 6. Nf3 e5 7. d5 Nc5 8. Nc3
Nxd3+ 9. Qxd3 Bd7 10. Be3 Qe7 11. O-O O-O 12. Rac1 Nh5 13. Nb5 Rfc8 14. Nxa7
Rf8 15. a3 f5 16. Nb5 fxe4 17. Qxe4 Bf5 18. Qh4 Qxh4 19. Nxh4 Bd7 20. Nxc7 Rac8
21. Nb5 Bf6 22. Nf3 Bxb5 23. cxb5 Nf4 24. Rcd1 Bg7 25. Kh2 Rc2 26. Nd2 Nxd5 27.
Ne4 Nxe3 28. fxe3 Rxf1 29. Rxf1 d5 30. Nd6 Rxb2 31. Rd1 d4 32. exd4 exd4 33.
Rd3 Be5+ 34. Kg1 Bxd6 35. Kf1 Bc5 36. g4 Rxb5 0-1

[Event "C.to provinciale PV"]
[Site "Vigevano ITA"]
[Date "2014.02.27"]
[Round "4"]
[White "Melotti, Dario"]
[Black "Scavini, Marco"]
[WhiteElo "1869"]
[BlackElo "1942"]
[Result "1/2-1/2"]
[PlyCount "53"]
[EventDate "2014.02.06"]

1. e4 c5 2. Nf3 d6 3. d4 cxd4 4. Nxd4 a6 5. c4 Nf6 6. Nc3 g6 7. Be2 Bg7 8. Be3
Qa5 9. O-O O-O 10. f3 Nc6 11. Qd2 Re8 12. a3 Nxd4 13. Bxd4 Be6 14. b4 Qc7 15.
Nd5 Nxd5 16. cxd5 Bxd4+ 17. Qxd4 Bd7 18. Rfc1 Qd8 19. a4 Rc8 20. b5 Qa5 21.
bxa6 bxa6 22. Qa7 Rxc1+ 23. Rxc1 Qxa4 24. Qxa6 Qd4+ 25. Kh1 Rb8 26. Qd3 Qb2 27.
Qd1 1/2-1/2

[Event "C.to provinciale PV"]
[Site "Vigevano ITA"]
[Date "2014.02.27"]
[Round "4"]
[White "Pizzolato, Roberto"]
[Black "Melino, Gianluca"]
[WhiteElo "1723"]
[BlackElo "1758"]
[Result "1-0"]
[PlyCount "59"]
[EventDate "2014.02.06"]

1. e4 g6 2. d4 Bg7 3. Nc3 d6 4. f4 a6 5. Nf3 b5 6. Bd3 Nh6 7. O-O Nc6 8. d5 Na5
9. Qe1 c6 10. Be3 Ng4 11. Bd2 Nc4 12. Bxc4 bxc4 13. h3 Qb6+ 14. Kh1 Nf6 15. Rb1
cxd5 16. Nxd5 Nxd5 17. exd5 Bf5 18. Bc3 O-O 19. Bxg7 Kxg7 20. Qc3+ Kg8 21. Nd4
Be4 22. Nc6 Rfe8 23. Rbe1 Bxd5 24. Nxe7+ Rxe7 25. Rxe7 Rb8 26. Rfe1 Qc6 27.
R1e2 Be6 28. R2xe6 Rf8 29. Re2 d5 30. Qe5 1-0

[Event "C.to provinciale PV"]
[Site "Vigevano ITA"]
[Date "2014.03.06"]
[Round "5"]
[White "Barrera, Pietro"]
[Black "Melotti, Dario"]
[WhiteElo "1905"]
[BlackElo "1869"]
[Result "0-1"]
[PlyCount "62"]
[EventDate "2014.02.06"]

1. e4 Nf6 2. Nc3 e5 3. Bc4 Nc6 4. Nf3 Nxe4 5. Bxf7+ Kxf7 6. Nxe4 d5 7. Neg5+
Kg8 8. d4 h6 9. Nh3 Bg4 10. dxe5 Nxe5 11. Nhg1 Bc5 12. h3 Nxf3+ 13. Nxf3 Qe7+
14. Kf1 Bxf3 15. Qxf3 Kh7 16. Qd3+ g6 17. h4 Rhf8 18. f3 Qe4 19. Qxe4 dxe4 20.
f4 e3 21. g3 Kg7 22. Ke2 h5 23. Rf1 Rae8 24. Rf3 Re4 25. c3 Kf6 26. b4 Bb6 27.
Bb2 Rd8 28. Rd1 Rxd1 29. Kxd1 e2+ 30. Ke1 Kf5 31. Rd3 Bf2+ 0-1

[Event "C.to provinciale PV"]
[Site "Vigevano ITA"]
[Date "2014.03.06"]
[Round "5"]
[White "Candura, Stefano"]
[Black "Pizzolato, Roberto"]
[WhiteElo "1981"]
[BlackElo "1723"]
[Result "1-0"]
[PlyCount "90"]
[EventDate "2014.02.06"]

1. d4 d5 2. Nf3 Nf6 3. e3 c6 4. c4 dxc4 5. Bxc4 Bf5 6. Qb3 e6 7. Qxb7 Nbd7 8.
O-O Rb8 9. Qxc6 Rb6 10. Qa4 Rb4 11. Qa6 Qc7 12. Bb5 Be4 13. Nc3 Bb7 14. Qxa7
Bd6 15. a3 Rb3 16. Qa4 Rxc3 17. bxc3 Bxf3 18. gxf3 Bxh2+ 19. Kg2 O-O 20. Bxd7
Nxd7 21. f4 Qd8 22. Rh1 Nb6 23. Qc2 f5 24. Rxh2 Qd5+ 25. f3 Rf6 26. Rb1 Rg6+
27. Kf2 Nd7 28. Qb3 Qd6 29. a4 h6 30. Ba3 Qa6 31. Qb5 Qc8 32. c4 Kh8 33. c5 Nf6
34. Rg2 Rxg2+ 35. Kxg2 Qd8 36. Qb6 Qd5 37. Kf2 e5 38. fxe5 Nd7 39. Qb3 Qc6 40.
d5 Qg6 41. e6 Ne5 42. Bb2 Ng4+ 43. fxg4 fxg4 44. Qd1 Qf5+ 45. Kg3 Qh5 1-0

[Event "C.to provinciale PV"]
[Site "Vigevano ITA"]
[Date "2014.03.06"]
[Round "5"]
[White "Pappalardo, Antonio"]
[Black "Cordani, Enrico"]
[WhiteElo "1703"]
[BlackElo "1863"]
[Result "1-0"]
[PlyCount "119"]
[EventDate "2014.02.06"]

1. d4 f5 2. g3 Nf6 3. Bg2 e6 4. Nf3 Be7 5. O-O O-O 6. c4 d5 7. b3 b6 8. e3 Bb7
9. Ne5 Nbd7 10. Bb2 Rb8 11. Nd2 Nxe5 12. dxe5 Ne4 13. Rc1 Nxd2 14. Qxd2 dxc4
15. Qxd8 Rfxd8 16. bxc4 Bxg2 17. Kxg2 Rd2 18. Rb1 Bc5 19. Kf3 Rbd8 20. Rfc1
Rxb2 21. Rxb2 Ba3 22. Rcc2 Bxb2 23. Rxb2 g5 24. h4 h6 25. hxg5 hxg5 26. Rc2 Kf7
27. Ke2 Ke7 28. c5 bxc5 29. Rxc5 Kd7 30. Ra5 Ra8 31. f4 gxf4 32. gxf4 c6 33.
Kd3 Kc7 34. e4 Kb6 35. Ra3 Rd8+ 36. Ke3 fxe4 37. Kxe4 Rf8 38. Rb3+ Kc7 39. Rd3
Rh8 40. Rd6 Rh6 41. Kd4 Kb6 42. a4 a5 43. Ke3 Rh3+ 44. Ke4 Rh6 45. Kf3 Rh3+ 46.
Kg4 Ra3 47. Rxe6 Rxa4 48. Rd6 Kc7 49. Rd1 c5 50. e6 Rd4 51. Re1 Kd8 52. Re5 Ke7
53. Kf5 Rc4 54. Rd5 a4 55. Rd7+ Ke8 56. Ra7 Rd4 57. Ke5 Rb4 58. f5 c4 59. Kf6
Rb8 60. Rh7 1-0

[Event "C.to provinciale PV"]
[Site "Vigevano ITA"]
[Date "2014.03.06"]
[Round "5"]
[White "Pelliccia, Vincenzo"]
[Black "Melino, Gianluca"]
[WhiteElo "1586"]
[BlackElo "1758"]
[Result "0-1"]
[PlyCount "118"]
[EventDate "2014.02.06"]

1. b3 c5 2. Bb2 Nc6 3. c4 e6 4. e4 d6 5. Nf3 Qc7 6. Nc3 Bd7 7. Be2 Nge7 8. d4
Ng6 9. d5 Nce5 10. O-O Nf4 11. Qd2 Nxe2+ 12. Nxe2 Nxf3+ 13. gxf3 e5 14. f4 Bh3
15. Rfe1 Qd7 16. Qe3 Qg4+ 17. Qg3 f6 18. Qxg4 Bxg4 19. fxe5 fxe5 20. Kg2 Be7
21. f3 Bh5 22. Bc3 O-O 23. Rf1 Bg5 24. Ng3 Bg6 25. Rae1 Rf7 26. a3 Raf8 27. b4
b6 28. Rf2 Bh4 29. Rh1 Bxg3 30. hxg3 Bxe4 31. Rhf1 Bd3 32. Rd1 Bxc4 33. bxc5
bxc5 34. Rdd2 g5 35. g4 h6 36. Kg3 Rb8 37. Rb2 Rxb2 38. Rxb2 Bxd5 39. Ba5 Rxf3+
40. Kh2 Rxa3 41. Bc7 Ra6 42. Rb8+ Kg7 43. Rd8 c4 44. Bxd6 Ra2+ 45. Kg3 Rg2+ 46.
Kh3 Re2 47. Rd7+ Kf6 48. Rxa7 Be6 49. Bf8 h5 50. Bg7+ Kg6 51. Bh8 Bxg4+ 52. Kg3
c3 53. Rc7 c2 54. Rc6+ Kf5 55. Rf6+ Ke4 56. Rc6 Re3+ 57. Kf2 Re2+ 58. Kf1 Kd5
59. Rc3 Rd2 0-1

[Event "C.to provinciale PV"]
[Site "Vigevano ITA"]
[Date "2014.03.06"]
[Round "5"]
[White "Scavini, Marco"]
[Black "Berra, Davide"]
[WhiteElo "1942"]
[BlackElo "2226"]
[Result "1/2-1/2"]
[PlyCount "68"]
[EventDate "2014.02.06"]

1. e4 e6 2. d4 d5 3. Nc3 Bb4 4. e5 b6 5. a3 Bf8 6. Qg4 Qd7 7. a4 Nc6 8. Be3 Nb4
9. Qd1 Ba6 10. Bxa6 Nxa6 11. Qe2 Nb4 12. a5 Nc6 13. axb6 cxb6 14. Nf3 Nge7 15.
O-O Ng6 16. h4 Nge7 17. Nb5 Nf5 18. Bg5 h6 19. Bf4 Be7 20. h5 O-O 21. Rfd1 a6
22. Nd6 b5 23. Nxf5 exf5 24. b3 Rfc8 25. c4 bxc4 26. bxc4 dxc4 27. Qxc4 Nb4 28.
Qe2 Qd5 29. Bd2 a5 30. Bxb4 Bxb4 31. Qa2 Qe4 32. Rac1 Rxc1 33. Rxc1 Rd8 34. Qa4
Qd3 1/2-1/2